000 00264nam a2200121Ia 4500
100 _a#N/A
650 _aComputer/ IT
942 _cBK
654 _aDISTRO
245 _aDISTRO DHAMAKA- DREAM DESKTOP EDN 3.1; Vector Linux 5.9
260 _b#N/A
546 _aENGLISH
999 _c24462
_d24462